000 00883nam a2200241 i 4500
001 72554
003 ES-MaACL
005 20250809041524.0
007 t|
008 040901s1983 sp ||||1| spa d
100 1 _aGiugni, Gino.
_957359
245 1 0 _aDerecho sindical /
_cGino Giugni ; traducción y estudio preliminar por José Vida Soria y Jaime Montalvo Correa.
250 _a[1ª ed.].
260 _a[Madrid] :
_bMinisterio de Trabajo y Seguridad Social,
_c[1983]
300 _a390 p. ;
_c25 cm.
500 _aPrecede al tít.: Instituto de Estudios Laborales y de la Seguridad Social.
650 0 7 _aDerecho sindical
_2embne
_911767
700 1 _aVida Soria, José.
_9114412
700 1 _aMontalvo Correa, Jaime.
_982354
710 2 _aInstituto de Estudios Laborales y de la Seguridad Social.
_94915
852 _aES-MaACL
_jL-7578
_bR.107417
999 _c72554
_d72554